[Event "Olympiad Women 2024"]
[Site "Budapest HUN"]
[Date "2024.09.18"]
[Round "7.15"]
[Board "1"]
[White "Pham, Le Thao Nguyen"]
[Black "Movsesian, Julia"]
[Result "1-0"]
[WhiteElo "2380"]
[BlackElo "2198"]
[PlyCount "145"]
[EventDate "2024.09.11"]
[WhiteTeam "Vietnam"]
[BlackTeam "Czech Republic"]
[WhiteTeamCountry "VIE"]
[BlackTeamCountry "CZE"]

1. d4 d5 2. c4 e6 3. Nc3 Nf6 4. Bg5 Nbd7 5. e3 Bb4 6. Rc1 ({RR} 6. Bxf6 Qxf6 7. Nf3 O-O 8. Rc1 dxc4 9. Bxc4 e5 10. O-O exd4 11. Nd5 Qd6 12. Nxc7 Ne5 13. Nxe5 Qxe5 14. Nxa8 Bd6 15. g3 dxe3 16. Qe2 Bh3 17. Rfd1 exf2+ 18. Qxf2 Qg5 19. Rc3 Bb4 20. Nc7 Kh8 {1-0 Rahman,S (1979)-Gulam,S (1795) Dhaka Bangabandhu op-B 2021 (9)}) 6... c5 ({RR} 6... O-O 7. Nf3 c5 8. cxd5 exd5 9. Bd3 c4 10. Bb1 Bxc3+ 11. bxc3 Re8 12. O-O b5 13. Nd2 Bb7 14. Re1 Qb6 15. f3 a5 16. e4 b4 17. Qc2 b3 18. axb3 cxb3 19. Qxb3 Qxb3 20. Nxb3 a4 21. Nd2 {1-0 Michaelsen,N (2285)-Thesing,M (2415) Bundesliga 8990 1989 [5]}) 7. cxd5 exd5 8. Bxf6 $146 ({RR} 8. dxc5 Qa5 9. Bxf6 Nxf6 10. Qb3 Qxc5 11. a3 Ba5 12. Qb5+ Qxb5 13. Bxb5+ Ke7 14. Nf3 a6 15. Ba4 Rd8 16. b4 Bb6 17. Ne2 Bg4 18. Nfd4 Rac8 19. f3 Rxc1+ 20. Nxc1 Bxd4 21. exd4 Bf5 22. Kd2 Rc8 {½-½ Ramos,A-Martinez Solar,J Asturias-ch Primera A 1995 (1)}) 8... Nxf6 9. Bb5+ Bd7 10. Bxd7+ Qxd7 11. dxc5 Rc8 12. Nge2 O-O 13. O-O Bxc5 14. Qa4 Qe7 15. Qh4 Qe5 16. Rfd1 Rfd8 17. Qg3 Qh5 18. Qf3 Qe5 19. Nf4 Bf8 20. Rd4 Ne4 21. Nfxd5 Rxd5 22. Rxe4 Qd6 23. Re8 Rc6 24. g3 Rd2 25. Rb1 Qd3 26. Qe4 Qd7 27. Qe5 Rc8 28. Rxc8 Qxc8 29. Ne4 Rc2 30. a4 h6 31. b3 Qd7 32. Rf1 Qd3 33. Qe8 Qxb3 34. Rd1 Rc8 35. Qd7 Rc7 36. Qd8 Qxa4 37. Rd4 Qc6 38. h4 Re7 39. Nd2 Re8 40. Qa5 b5 41. Qxa7 b4 42. Qd7 Qxd7 43. Rxd7 Rc8 44. Rb7 Rc2 45. Nb3 Rc3 46. Nd4 Bc5 47. Ne2 Rd3 48. Kg2 g6 49. Rb5 Bf8 50. Nd4 Rc3 51. Kf3 Bc5 52. Ne2 Rc2 53. Nf4 Bd6 54. Ne2 Bc5 55. g4 Bd6 56. Nd4 Rc1 57. h5 Rc5 58. hxg6 fxg6 59. Rb6 Rd5 60. Ke4 Re5+ 61. Kd3 Bc5 62. Rxg6+ Kh7 63. Rc6 Bxd4 64. exd4 Rb5 65. Rc2 Kg6 66. f3 Rb8 67. Rb2 Kg5 68. Rb3 Kf4 69. Kc4 Rb7 70. Kc5 Rb8 71. Rxb4 Rc8+ 72. Kd6 Kxf3 73. d5 1-0

[Event "Olympiad Women 2024"]
[Site "Budapest HUN"]
[Date "2024.09.18"]
[Round "7.15"]
[Board "2"]
[White "Kanakova, Natalie"]
[Black "Vo, Thi Kim Phung"]
[Result "1/2-1/2"]
[WhiteElo "2145"]
[BlackElo "2320"]
[PlyCount "111"]
[EventDate "2024.09.11"]
[WhiteTeam "Czech Republic"]
[BlackTeam "Vietnam"]
[WhiteTeamCountry "CZE"]
[BlackTeamCountry "VIE"]

1. e4 e6 2. d4 d5 3. Nc3 Nf6 4. e5 Nfd7 5. f4 c5 6. Nf3 Nc6 7. Be3 Be7 8. Qd2 c4 ({RR} 8... b6 9. Bd3 O-O 10. O-O f6 11. exf6 Nxf6 12. Kh1 c4 13. Be2 Bb4 14. Ne5 Nxe5 15. dxe5 Ne4 16. Qe1 d4 17. Rd1 Nxc3 18. bxc3 Bxc3 19. Qf2 b5 20. Bxd4 Bxd4 21. Rxd4 Qa5 22. Bf3 Rb8 23. Rfd1 {1-0 Carlsen,M (2837)-Morozevich,A (2770) Wch Rapid Astana 2012 (2)}) 9. h4 ({RR} 9. a3 a6 10. f5 Qa5 11. fxe6 fxe6 12. Be2 b5 13. O-O Kd8 14. Bg5 h6 15. Bxe7+ Nxe7 16. h4 Kc7 17. Nxd5+ {1-0 Soto,N (1991)-Ramirez,A (1669) 7th Marcel Duchamp Cup 2024 (6.20)}) ({RR} 9. f5 Nb6 10. fxe6 Bxe6 11. g3 O-O 12. Bg2 f6 13. exf6 Bxf6 14. O-O Qd7 15. Ne2 Rae8 16. Nf4 Bf5 17. Rae1 Re7 18. c3 Rfe8 19. Bf2 Be4 20. Nh5 Rf8 21. Nxf6+ Rxf6 22. Be3 h6 23. Bf4 Ref7 {0-1 Kairbekova,A (2189)-Vo,T (2340) Speed Chess (Women) Q2 blitz 2022 (2)}) 9... b5 10. a3 $146 ({RR} 10. Ne2 b4 11. Ng3 c3 12. bxc3 bxc3 13. Qf2 Rb8 14. f5 O-O 15. Be2 Rb2 16. Bd1 Nb4 17. Ne2 Nxc2+ 18. Bxc2 Rxc2 19. Qg3 exf5 20. Bh6 g6 21. Bxf8 Nxf8 22. Rc1 Rxc1+ 23. Nxc1 Ba6 24. h5 Qa5 {½-½ Fuhrmann,M (2097)-Zier,O (1999) Nuremberg LGA Cup 5th 2008 (5.52)}) 10... Rb8 11. h5 a5 12. h6 g6 13. Bf2 Qc7 14. Nd1 b4 15. axb4 axb4 16. g4 c3 17. bxc3 bxc3 18. Qc1 f6 19. Be2 O-O 20. O-O Rb4 21. Rb1 fxe5 22. Rxb4 Nxb4 23. fxe5 Ba6 24. Bxa6 Nxa6 25. Be1 Nb4 26. Rf2 Nb6 27. Bxc3 Na2 28. Qb2 Nxc3 29. Qxc3 Qxc3 30. Nxc3 Rf4 31. g5 Rf5 32. Ne2 Nc4 33. Ng3 Rf4 34. Ne2 Rg4+ 35. Rg2 Rxg2+ 36. Kxg2 Ne3+ 37. Kf2 Nxc2 38. Nf4 Kf7 39. Ke2 Bb4 40. Ng2 Ba5 41. Kd1 Nb4 42. Ne3 Nc6 43. Kc2 Nb8 44. Ng4 Nd7 45. Nf6 Nf8 46. Kb3 Ke7 47. Ka4 Bc3 48. Kb5 Bb2 49. Kc6 Bc1 50. Kc5 Ba3+ 51. Kc6 Bc1 52. Kc7 Bf4 53. Kc8 Bc1 54. Kc7 Bf4 55. Kc8 Bc1 56. Kc7 1/2-1/2

[Event "Olympiad Women 2024"]
[Site "Budapest HUN"]
[Date "2024.09.18"]
[Round "7.15"]
[Board "3"]
[White "Luong Phuong Hanh"]
[Black "Rodshtein, Tereza"]
[Result "1-0"]
[WhiteElo "2225"]
[BlackElo "2149"]
[PlyCount "73"]
[EventDate "2024.09.11"]
[WhiteTeam "Vietnam"]
[BlackTeam "Czech Republic"]
[WhiteTeamCountry "VIE"]
[BlackTeamCountry "CZE"]

1. d4 d5 2. Bf4 Nf6 3. Nf3 c6 4. e3 Bg4 5. Nbd2 e6 6. h3 Bh5 7. Be2 Nbd7 8. Ne5 Bxe2 9. Qxe2 Be7 10. O-O O-O 11. c4 Nxe5 12. Bxe5 Bd6 $146 ({RR} 12... Nd7 13. Bg3 f5 14. cxd5 exd5 15. Rab1 a5 16. Nf3 Nf6 17. Rfc1 Ne4 18. Be5 Qe8 19. Ne1 g5 20. Nd3 Qg6 21. f3 Nd6 22. b4 axb4 23. Rxb4 Rf7 24. Rb3 Bf8 25. Rcb1 b5 26. Bxd6 Bxd6 27. Rc1 {½-½ Zimmermann,P (2115)-Welz,T (2170) Verbandsliga Nordbaden 1920 2019 (5.6)}) 13. Bxd6 Qxd6 14. c5 Qe7 15. b4 e5 16. dxe5 Qxe5 17. Nf3 Qh5 18. Nd4 Qxe2 19. Nxe2 Nd7 20. Nd4 a5 21. a3 Ra6 22. Rfd1 axb4 23. axb4 Rfa8 24. Rxa6 Rxa6 25. e4 Kf8 26. exd5 cxd5 27. Nf5 Nf6 28. Nd6 Ra4 29. b5 Rb4 30. b6 Ke7 31. Nxb7 Rb5 32. Re1+ Kd7 33. Rc1 Kc6 34. Nd8+ Kd7 35. Nxf7 Ne8 36. c6+ Kc8 37. Re1 1-0

[Event "Olympiad Women 2024"]
[Site "Budapest HUN"]
[Date "2024.09.18"]
[Round "7.15"]
[Board "4"]
[White "Novosadova, Kristyna"]
[Black "Bach Ngoc Thuy Duong"]
[Result "0-1"]
[WhiteElo "2066"]
[BlackElo "2214"]
[PlyCount "62"]
[EventDate "2024.09.11"]
[WhiteTeam "Czech Republic"]
[BlackTeam "Vietnam"]
[WhiteTeamCountry "CZE"]
[BlackTeamCountry "VIE"]

1. e4 c5 2. Nf3 e6 3. d4 cxd4 4. Nxd4 a6 5. Nc3 b5 6. Be3 Bb7 7. f3 d6 ({RR} 7... Ne7 8. Qd2 Nec6 9. Nb3 d6 10. a4 b4 11. Na2 Qh4+ 12. Bf2 Qf6 13. Nxb4 Qxb2 14. Nd3 Qf6 15. Rb1 Qd8 16. Be2 Be7 17. O-O O-O 18. Nb2 Nd7 19. Nc4 Qc7 20. Rfd1 Rad8 21. Qe1 Nce5 22. Nba5 {1-0 Firman,N (2517)-Markowski,T (2573) Dresden ZMD op 2007 (7)}) 8. Qd2 Nd7 9. Bd3 ({RR} 9. g4 Ne7 10. h4 Nc8 11. Be2 Ncb6 12. Bg5 Be7 13. Bxe7 Qxe7 14. Ncxb5 axb5 15. Nxb5 O-O 16. Qxd6 Qxd6 17. Nxd6 Bc6 18. Nc4 Nxc4 19. Bxc4 Ne5 20. Be2 Rab8 21. b3 Bb5 22. Bxb5 Rxb5 23. Ke2 f5 {1-0 Pardo Ruiz,C (1675)-Martos Martin,D (1325) ESP-ch U12 Salobrena 2021 (2)}) 9... Ngf6 10. a3 $146 ({RR} 10. a4 Qa5 11. Nce2 b4 12. Nb3 Qc7 13. Ng3 d5 14. exd5 Nxd5 15. Be4 N7f6 16. Bd4 Bd6 17. Qf2 Rc8 18. O-O-O Bf4+ 19. Kb1 O-O 20. Ne2 Nxe4 21. fxe4 Qxc2+ 22. Ka2 Qxe4 23. Nc5 Rxc5 24. Bxc5 Qc2 {0-1 Lohrie,M (1361)-Koelsch,M (1716) Schleswig Holstein-ch U14 MT 2004 (5)}) ({RR} 10. O-O Be7 11. Nce2 d5 12. Ng3 dxe4 13. Bxe4 Nxe4 14. Nxe4 O-O 15. Rad1 Ne5 16. Qf2 Qa5 17. a3 Nc4 18. Nb3 Qc7 19. Nec5 Bd5 20. Bd4 Rfc8 21. Nd3 a5 22. Rfe1 a4 23. Nd2 Bd6 24. Qh4 f6 {0-1 Valickova,P-Ptacnikova,L (2270) CZE-ch (Women) 2001}) 10... Be7 11. g4 Nb6 12. g5 Nfd7 13. f4 Rc8 14. f5 e5 15. f6 gxf6 16. gxf6 Nxf6 17. Nf5 Nc4 18. Bxc4 Rxc4 19. Rf1 Nxe4 20. Nxe4 Bxe4 21. Nxe7 Qxe7 22. Bg5 Qc7 23. c3 Bg6 24. O-O-O O-O 25. Bf6 Qc6 26. Rde1 b4 27. Re2 bxc3 28. Qh6 cxb2+ 29. Kxb2 Rc2+ 30. Rxc2 Qxc2+ 31. Ka1 Qc3+ 0-1

[Event "Olympiad Women 2024"]
[Site "Budapest HUN"]
[Date "2024.09.18"]
[Round "7.16"]
[Board "1"]
[White "Zherebtsova, Alexandra"]
[Black "Kosteniuk, Alexandra"]
[Result "0-1"]
[WhiteElo "2239"]
[BlackElo "2483"]
[PlyCount "64"]
[EventDate "2024.09.11"]
[WhiteTeam "Montenegro"]
[BlackTeam "Switzerland"]
[WhiteTeamCountry "MNE"]
[BlackTeamCountry "SUI"]

1. d4 Nf6 2. c4 e6 3. g3 Bb4+ 4. Nd2 c5 5. a3 Bxd2+ 6. Qxd2 Nc6 7. dxc5 Ne4 8. Qe3 Qa5+ 9. Bd2 Nxd2 10. Qxd2 Qxc5 11. Nf3 $146 ({RR} 11. Rc1 a5 12. Bg2 O-O 13. Nf3 b5 14. cxb5 Qxb5 15. O-O Rb8 16. Rc2 Ne5 17. Rfc1 Nxf3+ 18. exf3 a4 19. Rc4 Ba6 20. Rb4 Qd3 21. Qxd3 Bxd3 22. Rxa4 Rxb2 23. Rd4 Bb5 24. a4 {½-½ Kaidanov,G (2645)-Vaganian,R (2625) USA-ARM Glendale 1994 (1)}) ({RR} 11. Rc1 b6 12. Bg2 Bb7 13. Nh3 Qe7 14. O-O O-O 15. Rfd1 Rfd8 16. Qg5 Rab8 17. Rc3 Qxg5 18. Nxg5 h6 19. Ne4 d5 20. cxd5 exd5 21. Nd2 Nd4 22. Rd3 Nxe2+ 23. Kf1 Ba6 24. Nb3 Nxg3+ 25. hxg3 Rbc8 {½-½ Aronian,L (2805)-Ponomariov,R (2744) Tata Steel-A 73rd 2011 (11)}) ({RR} 11. Rc1 Qd4 12. Qc2 d5 13. cxd5 Qxd5 14. Nf3 Qa5+ 15. Qc3 Qxc3+ 16. Rxc3 Bd7 17. Bg2 Ke7 18. Kd2 Rhc8 19. Rhc1 {½-½ Truskavetsky,A (2348)-Triapishko,A (2506) Yialos Open 2023 (4.1)}) ({RR} 11. Rc1 b6 12. Nf3 Bb7 13. Bg2 Rd8 14. O-O O-O 15. Rfd1 d6 16. Ng5 h6 17. Ne4 Qh5 18. Nxd6 Na5 19. Qe3 Bxg2 20. Kxg2 Rd7 21. b4 Rfd8 22. c5 Nc6 23. Qe4 Ne7 24. Rd3 bxc5 25. bxc5 Qg5 {0-1 Cichocki,A (2336)-Pinkas,K (2298) POL-chT 2nd League 2006 (5.31)}) 11... Qxc4 12. Qd6 Ne7 13. Bh3 Qa6 14. Qc5 d6 15. Qg5 Ng6 16. O-O e5 17. Bxc8 Rxc8 18. h4 O-O 19. h5 Qxe2 20. Nh2 h6 21. Qf5 Ne7 22. Qd7 Nc6 23. Qxb7 Nd4 24. Qxa7 Qe4 25. Rae1 Ne2+ 26. Rxe2 Qxe2 27. b4 d5 28. a4 d4 29. a5 Qb5 30. Nf3 Rfe8 31. Re1 Qxb4 32. Kg2 e4 0-1

[Event "Olympiad Women 2024"]
[Site "Budapest HUN"]
[Date "2024.09.18"]
[Round "7.16"]
[Board "2"]
[White "Georgescu, Lena"]
[Black "Skvortsova, Alena"]
[Result "1/2-1/2"]
[WhiteElo "2266"]
[BlackElo "2179"]
[PlyCount "105"]
[EventDate "2024.09.11"]
[WhiteTeam "Switzerland"]
[BlackTeam "Montenegro"]
[WhiteTeamCountry "SUI"]
[BlackTeamCountry "MNE"]

1. e4 e6 2. d4 d5 3. Nc3 Nf6 4. Bg5 dxe4 5. Nxe4 Nbd7 6. Nf3 h6 7. Nxf6+ Nxf6 8. Be3 Bd6 9. Bd3 O-O 10. Qe2 b6 11. O-O-O Bb7 12. Ne5 Nd5 13. Bd2 Qh4 14. Nf3 Qf6 15. Qe4 Qg6 16. Qxg6 ({RR} 16. Qh4 Qf6 {½-½ Gusev,M (2132)-Xi,Q (2209) RUDAR 27 IM 2024 (4.5)}) 16... fxg6 17. Bxg6 Nf4 18. Bxf4 Rxf4 $146 ({RR} 18... Bxf4+ 19. Kb1 Bxf3 20. gxf3 Rad8 21. h4 Rd6 22. Bd3 Rfd8 23. Rde1 Kf7 24. c3 Rf8 25. Bc4 Ke7 26. Re4 Kd7 27. Rhe1 Rf6 28. R1e2 g5 29. h5 Bh2 30. b4 a6 31. Bxa6 Rxf3 32. Kc2 Bg1 33. Bc4 {1-0 Zhu,J (2459)-Zhu,H (2202) China zt 3.5 2021 (6)}) 19. h3 Rxf3 20. gxf3 Bxf3 21. Kd2 Rf8 22. Ke3 Rf6 23. Be4 Bxd1 24. Rxd1 g5 25. Bf3 Kg7 26. Rg1 e5 27. dxe5 Bxe5 28. c3 Bf4+ 29. Ke4 Re6+ 30. Kf5 Re5+ 31. Kg4 Ra5 32. Be4 Rxa2 33. Rb1 Kf6 34. h4 Ke5 35. Bc2 Ra5 36. hxg5 hxg5 37. Kf3 Rd5 38. Re1+ Kd6 39. Re2 Kc5 40. Be4 Rd1 41. Bg6 a5 42. Rc2 a4 43. Be8 b5 44. c4 Rc1 45. Rxc1 Bxc1 46. cxb5 Bxb2 47. b6 cxb6 48. Bxa4 b5 49. Bb3 Kb4 50. Be6 Bd4 51. Kg4 Bf6 52. f4 gxf4 53. Kxf4 1/2-1/2

[Event "Olympiad Women 2024"]
[Site "Budapest HUN"]
[Date "2024.09.18"]
[Round "7.16"]
[Board "3"]
[White "Milovic, Aleksandra"]
[Black "Hryzlova, Sofiia"]
[Result "1/2-1/2"]
[WhiteElo "2121"]
[BlackElo "2188"]
[PlyCount "84"]
[EventDate "2024.09.11"]
[WhiteTeam "Montenegro"]
[BlackTeam "Switzerland"]
[WhiteTeamCountry "MNE"]
[BlackTeamCountry "SUI"]

1. e4 c5 2. Nf3 d6 3. d4 cxd4 4. Nxd4 Nf6 5. Nc3 a6 6. Be3 e5 7. Nb3 Be6 8. f3 h5 9. Qd2 Nbd7 10. O-O-O Be7 11. Kb1 Rc8 12. Qf2 ({RR} 12. Bd3 b5 13. h3 h4 14. f4 Qc7 15. Rhe1 Nb6 16. Bxb6 Qxb6 17. Nd5 Bxd5 18. exd5 Rh5 19. fxe5 dxe5 20. Be2 Rf5 21. Bf3 Rd8 22. Qe2 Qc7 23. Rd3 Kf8 24. Rc3 Qd7 25. Re3 Bd6 26. Nd2 Rf4 {½-½ Kramnik,V (2807)-Anand,V (2753) Amber-blindfold 12th rapid 2003 (6)}) 12... Rxc3 ({RR} 12... b5 13. Nd5 Nxd5 14. exd5 Bf5 15. Bd3 Bxd3 16. Rxd3 Bg5 17. f4 Bxf4 18. Bxf4 exf4 19. Qxf4 Ne5 20. Re3 O-O 21. Rh3 Rc4 22. Qd2 g6 23. Rf1 Qb6 24. Rg3 Rfc8 25. c3 b4 26. cxb4 Rxb4 27. h3 {0-1 Uribe Valencia,V (1855)-Garmendia Vega,G (1987) 17th American Continental 2024 (6.92)}) 13. bxc3 b5 $146 ({RR} 13... d5 14. exd5 Nxd5 15. Bd2 N7b6 16. Qe1 Na4 17. Ka1 Qc7 18. c4 e4 19. c3 Bf6 20. cxd5 Nxc3 21. Rc1 Nb5+ {0-1 Milovic,A (2198)-Djukic,N (2525) MNT-ch 72nd Podgorica 2020 (7)}) ({RR} 13... Qc7 14. Bd3 d5 15. Rhe1 O-O 16. h3 b5 17. g4 dxe4 18. Bxe4 Nxe4 19. fxe4 h4 20. Rd3 a5 21. Red1 a4 22. Nd2 Rb8 23. Ka1 Nf6 24. Qg2 Bb4 25. Nb1 Qc4 26. Kb2 Qxa2+ 27. Kc1 Be7 28. g5 {0-1 Schmitzer,K (2285)-Donchenko,A (2563) Heusenstamm Sparkassen op-A 3rd 2016 (4)}) ({RR} 13... Qc7 14. c4 O-O 15. h4 Bxc4 16. Bxc4 Qxc4 17. Qf1 Qc6 18. Qd3 Rc8 19. c4 Qa4 20. Rc1 a5 21. Rhd1 b6 22. Na1 Nb8 23. Bg5 Na6 24. Qb3 Qc6 25. Nc2 Nc5 26. Qb5 Qa8 27. Ne3 Ne6 28. Nf5 {1-0 Ozdemir,S (2191)-Raja,H (2472) Titled Tuesday intern op 02nd Feb blitz 2021 (1)}) 14. Be2 Qc7 15. Rd3 d5 16. exd5 Nxd5 17. Bd2 N7b6 18. Rd1 Na4 19. Qe1 O-O 20. f4 e4 21. Rxd5 Bxd5 22. Bxh5 Bf6 23. Qe3 Bxc3 24. Rc1 Bb2 25. Rf1 Rc8 26. Bd1 Nc3+ 27. Bxc3 Bxc3 28. Bg4 Qc4 29. Rd1 Rc6 30. Be2 Qb4 31. Rxd5 Bf6 32. Qd2 Rc3 33. Rd8+ Kh7 34. Qd5 Bxd8 35. Qxd8 Rc6 36. Qd2 Rc3 37. Qd5 Re3 38. Qf5+ Kg8 39. Qc8+ Kh7 40. Qf5+ Kg8 41. Qc8+ Kh7 42. Qf5+ Kg8 1/2-1/2

[Event "Olympiad Women 2024"]
[Site "Budapest HUN"]
[Date "2024.09.18"]
[Round "7.16"]
[Board "4"]
[White "Manko, Mariia"]
[Black "Popovic, Mateja"]
[Result "1-0"]
[WhiteElo "2159"]
[BlackElo "1932"]
[PlyCount "55"]
[EventDate "2024.09.11"]
[WhiteTeam "Switzerland"]
[BlackTeam "Montenegro"]
[WhiteTeamCountry "SUI"]
[BlackTeamCountry "MNE"]

1. d4 d5 2. c4 e6 3. Nf3 Nf6 4. g3 Be7 5. Bg2 Ne4 6. O-O f5 7. Ne5 ({RR} 7. Nbd2 Nc6 8. e3 h5 9. Nxe4 dxe4 10. Nd2 e5 11. Nb3 h4 12. a3 Qd6 13. d5 Nd8 14. Bd2 Qh6 15. g4 h3 16. Bh1 Nf7 17. f4 exf3 18. Qxf3 Ng5 19. Qg3 e4 20. Bb4 Bxb4 21. axb4 O-O {1-0 Sjugirov,S (2675)-Ivanisevic,I (2604) Titled Tuesday intern op 13th Oct blitz 2020 (5)}) 7... Nd7 8. f3 $146 ({RR} 8. Nd3 O-O 9. cxd5 exd5 10. Nc3 c6 11. Qc2 Bd6 12. Bf4 Bxf4 13. Nxf4 Ndf6 14. e3 Qe7 15. Rae1 Bd7 16. Nd3 Rae8 17. f3 Nd6 18. Ne5 Nf7 19. Nd3 Qd8 20. a3 Be6 21. Qa4 a5 22. Qc2 Nd6 {½-½ Gurvich,V (2278)-Stupak,K (2453) Lozovatsky Mem A 2023 (2.22)}) ({RR} 8. Nd3 dxc4 9. Nf4 Nb6 10. b3 e5 11. dxe5 Qxd1 12. Rxd1 g5 13. Nh5 Kf7 14. g4 Nc5 15. Nc3 f4 16. h3 cxb3 17. Nb5 Be6 18. Ba3 Rad8 19. Rxd8 Rxd8 20. axb3 c6 21. Nc7 Bc8 22. Rb1 Rd2 {0-1 Buckels,V (2468)-Eugene,F (2421) BSB GM Norm 2024 (4.1)}) ({RR} 8. Nxd7 Bxd7 9. cxd5 exd5 10. Qb3 Bc6 11. Nd2 Bf6 12. Rd1 Qe7 13. Nf3 O-O 14. Bf4 Kh8 15. Be5 Rae8 16. Rac1 g5 17. Qc2 f4 18. Rf1 Bb5 19. a4 Ba6 20. Bxf6+ Rxf6 21. Ne5 c5 22. Bxe4 dxe4 {1-0 Garcia Romero,B (2233)-Maldonado Mena,G (2068) 88th ch-ESP 2023 (6.31)}) 8... Nd6 9. c5 Nf7 10. Nxf7 Kxf7 11. e4 h5 12. Nc3 c6 13. g4 g6 14. b4 b6 15. Rb1 bxc5 16. bxc5 Ba6 17. gxf5 Bxf1 18. fxe6+ Kxe6 19. exd5+ cxd5 20. Qxf1 Nf6 21. Qa6+ Kf7 22. Bf4 Qc8 23. Rb7 Re8 24. Nb5 Kg8 25. Nc7 Rb8 26. Rxb8 Qxb8 27. Qe6+ Kg7 28. Be5 1-0

[Event "Olympiad Women 2024"]
[Site "Budapest HUN"]
[Date "2024.09.18"]
[Round "7.17"]
[Board "1"]
[White "Bulmaga, Irina"]
[Black "Martynkova, Olena"]
[Result "1/2-1/2"]
[WhiteElo "2406"]
[BlackElo "2176"]
[PlyCount "127"]
[EventDate "2024.09.11"]
[WhiteTeam "Romania"]
[BlackTeam "Lithuania"]
[WhiteTeamCountry "ROU"]
[BlackTeamCountry "LTU"]

1. e4 e5 2. Nf3 Nc6 3. Bb5 a6 4. Ba4 Nf6 5. d3 d6 6. c3 Be7 7. O-O b5 8. Bc2 O-O 9. Re1 Re8 10. a4 b4 11. a5 Rb8 12. Nbd2 Bf8 13. Nc4 h6 14. Ba4 Bd7 15. Bd2 bxc3 16. bxc3 g6 $146 ({RR} 16... Ne7 17. Qc2 Ng6 18. Rab1 Rxb1 19. Rxb1 Bxa4 20. Qxa4 d5 21. exd5 Qxd5 22. d4 exd4 23. cxd4 Rd8 24. Qc2 c5 25. Nb6 Qe4 26. Qxe4 Nxe4 27. Be3 Nc3 28. Rb2 cxd4 29. Bxd4 Nb5 30. Rd2 Nh4 31. Be3 {0-1 Sidhant,M (2343)-Safarli,E (2671) BAN-chT Dhaka 2018 (1.1)}) 17. Ne3 Qc8 18. Qc1 Kh7 19. Qc2 Bg7 20. d4 Nd8 21. dxe5 dxe5 22. Nc4 Bxa4 23. Qxa4 Nd7 24. Rad1 Ne6 25. Be3 Ndc5 26. Qc2 Qb7 27. Nfxe5 Qxe4 28. Qxe4 Nxe4 29. Ba7 Nxc3 30. Bxb8 Nxd1 31. Ba7 Nc3 32. Nxf7 Nb5 33. Be3 Ned4 34. Kf1 Nc2 35. Re2 Nxe3+ 36. Rxe3 Rf8 37. Re7 Kg8 38. Nfe5 g5 39. g3 Rf5 40. Re6 Nd6 41. Nxd6 cxd6 42. Nc6 Bf8 43. Re8 Rc5 44. Rc8 Kf7 45. Ke2 Bg7 46. Rc7+ Kf8 47. Rc8+ Kf7 48. Kd3 Bf6 49. Nd8+ Bxd8 50. Rxd8 Rxa5 51. Rxd6 Kg7 52. Ke4 g4 53. f4 gxf3 54. Kxf3 h5 55. Kf4 Kh7 56. h3 Kg7 57. Rd7+ Kg6 58. Rd6+ Kg7 59. g4 hxg4 60. hxg4 Kf7 61. g5 Ra1 62. Rd7+ Kg6 63. Rd6+ Kg7 64. Ke4 1/2-1/2

[Event "Olympiad Women 2024"]
[Site "Budapest HUN"]
[Date "2024.09.18"]
[Round "7.17"]
[Board "2"]
[White "Limontaite, Simona"]
[Black "Sandu, Mihaela"]
[Result "1/2-1/2"]
[WhiteElo "2177"]
[BlackElo "2248"]
[PlyCount "121"]
[EventDate "2024.09.11"]
[WhiteTeam "Lithuania"]
[BlackTeam "Romania"]
[WhiteTeamCountry "LTU"]
[BlackTeamCountry "ROU"]

1. d4 Nf6 2. c4 e6 3. Nc3 Bb4 4. Bd2 c5 5. e3 O-O 6. Nf3 b6 ({RR} 6... Nc6 7. a3 Bxc3 8. Bxc3 Ne4 9. Rc1 Nxc3 10. Rxc3 cxd4 11. Nxd4 Qg5 12. h4 Qf6 13. Be2 Rd8 14. Nxc6 dxc6 15. Rd3 Rxd3 16. Qxd3 e5 17. g3 Bf5 18. Qc3 Rd8 19. O-O h6 20. b4 Be4 21. f3 {½-½ Raja,R (2491)-Ter Sahakyan,S (2625) Chess.com Rapid Wk22 Swiss 2022 (9)}) 7. Bd3 ({RR} 7. dxc5 Bxc5 8. Be2 Bb7 9. O-O Be7 10. Rc1 d6 11. Nd4 Nbd7 12. Bf3 Bxf3 13. Qxf3 Ne5 14. Qe2 Rc8 15. b3 Qc7 16. f4 Nc6 17. Nxc6 Qxc6 18. e4 Qb7 19. f5 exf5 20. Rxf5 Rfe8 21. Qf3 Bf8 {½-½ Medic,M (2132)-Ivekovic,T (2081) 24th Mediterranean Flower 2024 (3.4)}) 7... d5 8. O-O $146 ({RR} 8. a3 dxc4 9. Bxc4 Bxc3 10. bxc3 Qc7 11. Bd3 Ba6 12. Bxa6 Nxa6 13. O-O Rac8 14. Rc1 c4 15. Re1 Ne4 16. Qc2 Qb7 17. Rcd1 Nc7 18. Bc1 Nb5 19. Bb2 Qd5 20. Nd2 f5 21. f3 Nf6 22. e4 fxe4 {1-0 Shan,Y-Dangi,M (1798) Asian Amateur-ch 2018 (2)}) ({RR} 8. a3 Bxc3 9. Bxc3 dxc4 10. Bxc4 Ba6 11. Bxa6 Nxa6 12. Qe2 cxd4 13. Bxd4 Nc5 14. Bxc5 bxc5 15. O-O Rb8 16. Rfc1 Qb6 17. Rc2 Qb5 18. Kf1 Qxe2+ 19. Kxe2 Rb7 20. Ne5 Rfb8 21. Nd3 Nd7 22. Rd1 Kf8 {0-1 Gretarsson,H (2476)-Nyysti,S (2325) EU-chT 23rd Terme Catez 2021 (2.17)}) 8... cxd4 9. Nxd4 Bb7 10. Rc1 dxc4 11. Bxc4 Nbd7 12. Qe2 Bc5 13. Nb3 Be7 14. Rfd1 a6 15. Nd4 Qb8 16. Bb3 b5 17. Be1 Nc5 18. Bc2 g6 19. b4 Ncd7 20. a3 Nb6 21. Bb3 Bd6 22. h3 Be7 23. Nf3 Rc8 24. Nb1 Ne4 25. Nfd2 Qe5 26. Nxe4 Bxe4 27. f3 Bxb1 28. Rxb1 Nc4 29. Bxc4 Rxc4 30. f4 Qe4 31. Qd3 Qxd3 32. Rxd3 Rac8 33. Kf1 Rc2 34. Rbd1 Kf8 35. R1d2 Rc1 36. Rd1 R8c2 37. Rxc1 Rxc1 38. Ke2 Ke8 39. Bc3 Rc2+ 40. Kf3 h5 41. Bd4 f5 42. Be5 Bh4 43. g3 Be7 44. h4 Rc8 45. e4 Rc6 46. Rc3 Rxc3+ 47. Bxc3 Kd7 48. Ke3 Kc6 49. Kd3 Bd8 50. Bd4 a5 51. Ke3 axb4 52. axb4 Be7 53. Bc3 Bd6 54. Kd3 Bc7 55. Bd4 Kd7 56. Ke3 Bd6 57. Bc3 Be7 58. Kd3 Bd8 59. Bd4 Bc7 60. Ke3 Kc6 61. Kd3 1/2-1/2

[Event "Olympiad Women 2024"]
[Site "Budapest HUN"]
[Date "2024.09.18"]
[Round "7.17"]
[Board "3"]
[White "Lehaci, Miruna-Daria"]
[Black "Baginskaite, Kamile"]
[Result "1/2-1/2"]
[WhiteElo "2180"]
[BlackElo "2103"]
[PlyCount "117"]
[EventDate "2024.09.11"]
[WhiteTeam "Romania"]
[BlackTeam "Lithuania"]
[WhiteTeamCountry "ROU"]
[BlackTeamCountry "LTU"]

1. e4 c5 2. Nf3 d6 3. d4 cxd4 4. Nxd4 Nf6 5. Nc3 a6 6. f4 e5 7. Nb3 Be7 8. fxe5 dxe5 9. Qxd8+ Bxd8 10. Be3 ({RR} 10. Bg5 Nbd7 11. a4 h6 12. Bh4 Nxe4 13. Bxd8 Nxc3 14. Bc7 Nd5 15. Bd6 Ne3 16. Bd3 Nxg2+ 17. Kd2 Nf4 18. Rag1 g6 19. a5 Nxd3 20. cxd3 b6 21. Rc1 Bb7 22. Rhe1 bxa5 23. Rc7 Bg2 24. Nc5 Nxc5 {½-½ Dubov,D (2710)-Nepomniachtchi,I (2789) Opera Euro Rapid Prelim 2021 (4)}) 10... Be6 ({RR} 10... Nc6 11. O-O-O Bg4 12. Re1 O-O 13. Nc5 Ba5 14. Bd2 Rab8 15. Bc4 b5 16. Bb3 Ra8 17. Nd5 Bxd2+ 18. Kxd2 Rfd8 19. Kc1 Nd4 20. Nxf6+ gxf6 21. Bd5 Ra7 22. Rhf1 Kg7 23. c3 Ne2+ 24. Kc2 Nf4 25. Bb3 {0-1 Fromm,M (2446)-Bulmaga,I (2429) Titled Tue 6th Feb Early 2024 (11)}) ({RR} 10... O-O 11. O-O-O b5 12. Be2 Nbd7 13. g4 Bb6 14. Bxb6 Nxb6 15. Rhg1 Nfd7 16. g5 Ra7 17. Rd6 Rc7 18. Rgd1 b4 19. Nd5 Nxd5 20. R1xd5 f6 21. gxf6 Rxf6 22. Rxf6 gxf6 23. Rd6 Kf7 24. Bg4 Ke7 25. Re6+ {0-1 Tregubenko,N (2017)-Lehaci,M (2238) 4th elllobregat Open 2023 (9.90)}) 11. Be2 $146 ({RR} 11. Nc5 b6 12. Nxe6 fxe6 13. O-O-O Ke7 14. g4 Bc7 15. g5 Nfd7 16. Bc4 b5 17. Bd5 exd5 18. Nxd5+ Kd8 19. Rhf1 a5 20. Rf7 Ra6 21. Rxg7 Kc8 22. Ne7+ Kb7 23. Nf5 Rg6 24. Rgxd7 Nxd7 25. Rxd7 Rgg8 {½-½ Maurizzi,M (2564)-Lamard,G (2526) 1st Trophee Imaweb 2023 (9.1)}) 11... Nbd7 12. O-O-O Rc8 13. Bf3 Bb6 14. Bxb6 Nxb6 15. Na5 Rc7 16. Rd6 Nc8 17. Rd2 b6 18. Nb3 Rd7 19. Nd5 Bxd5 20. exd5 Ke7 21. Re1 Kd6 22. g4 h6 23. h4 Re7 24. Rde2 Nd7 25. Nd2 Kc7 26. Nc4 f6 27. Re3 e4 28. Rxe4 Rxe4 29. Rxe4 b5 30. Ne3 Nc5 31. d6+ Kxd6 32. Nf5+ Kc7 33. Re3 g6 34. Rc3 Kb6 35. b4 gxf5 36. bxc5+ Kc7 37. gxf5 Re8 38. Ra3 Re5 39. Rxa6 Rxf5 40. Rc6+ Kd7 41. Rxc8 Rxf3 42. Rh8 Kc6 43. Rxh6 Kxc5 44. Rh8 Rh3 45. h5 Kb6 46. Kd2 f5 47. c3 f4 48. Kc2 Rh2+ 49. Kb3 f3 50. Rf8 Rxh5 51. Rxf3 Rh1 52. Rf6+ Kc5 53. Rf5+ Kb6 54. Kb4 Rb1+ 55. Ka3 Kc6 56. Rf2 Kc5 57. Rb2 Rxb2 58. Kxb2 b4 59. a4 1/2-1/2